000 00366nam a2200145Ia 4500
008 221030s9999 xx 000 0 und d
020 _a8123924175
041 _aEnglish
100 _aS. C. Saxena
245 0 _aText Book of Highway & Traffic Engineering
_cby S. C. Saxena
260 _bCBS Pub
_aNew Delhi
_c2017
300 _a909
650 _aCivil
942 _cBK
999 _c18260
_d18260